| 000 | 01271nam a2200313Ia 4500 | ||
|---|---|---|---|
| 001 | ebr10147034 | ||
| 003 | CaPaEBR | ||
| 006 | m u | ||
| 007 | cr cn||||||||| | ||
| 008 | 731212s2004 quca s 000 0 eng d | ||
| 020 | _z0773527451 | ||
| 040 |
_aCaPaEBR _cCaPaEBR |
||
| 035 | _a(OCoLC)560384189 | ||
| 050 | 1 | 4 |
_aDA690.L8 _bW55 2004eb |
| 100 | 1 | _aWilliams, Gomer. | |
| 245 | 1 | 0 |
_aHistory of the Liverpool privateers and letters of marque _h[electronic resource] : _bwith an account of the Liverpool slave trade. |
| 260 |
_aMontreal : _bMcGill-Queen's University Press, _c2004. |
||
| 300 |
_axxvi, 718 p. : _bill. |
||
| 490 | 1 | _aReprints of economic classics | |
| 500 | _aReprint of the first ed., 1897. | ||
| 533 |
_aElectronic reproduction. _bPalo Alto, Calif. : _cebrary, _d2009. _nAvailable via World Wide Web. _nAccess may be limited to ebrary affiliated libraries. |
||
| 650 | 0 | _aPrivateering. | |
| 650 | 0 |
_aSlave trade _zEngland _zLiverpool. |
|
| 651 | 0 |
_aLiverpool (England) _xHistory, Naval. |
|
| 655 | 7 |
_aElectronic books. _2local |
|
| 710 | 2 | _aebrary, Inc. | |
| 830 | 0 | _aReprints of economic classics. | |
| 856 | 4 | 0 |
_uhttp://site.ebrary.com/lib/rucke/Doc?id=10147034 _zAn electronic book accessible through the World Wide Web; click to view |
| 999 |
_c190781 _d190781 |
||